Necesidad de incorporar a la sanidad nacional los servicios sanitarios de la zona del Protectorado en Marruecos y de las colonias del África Occidental y normas que deberán regular la citada incorporación / (Record no. 103816)
[ view plain ]
| 000 -LEADER | |
|---|---|
| campo de control de longitud fija | 01169nam a2200265 i 4500 |
| 001 - NÚMERO DE CONTROL | |
| campo de control | 103816 |
| 003 - IDENTIFICADOR DE NÚMERO DE CONTROL | |
| campo de control | ES-MaACL |
| 005 - FECHA Y HORA DE LA ÚLTIMA TRANSACCIÓN | |
| campo de control | 20230906183442.0 |
| 007 - CAMPO FIJO DE DESCRIPCIÓN FÍSICA--INFORMACIÓN GENERAL | |
| campo de control de longitud fija | t| |
| 008 - DATOS DE LONGITUD FIJA--INFORMACIÓN GENERAL | |
| campo de control de longitud fija | 051118s1934 sp ||||1| spa d |
| 080 ## - NÚMERO DE LA CLASIFICACIÓN DECIMAL UNIVERSAL | |
| Número de la Clasificación Decimal Universal | 351.77(64) |
| 080 ## - NÚMERO DE LA CLASIFICACIÓN DECIMAL UNIVERSAL | |
| Número de la Clasificación Decimal Universal | 351.77(671.8) |
| 100 1# - ENTRADA PRINCIPAL--NOMBRE DE PERSONA | |
| Nombre de persona | Mestre Peón, Federico. |
| 9 (RLIN) | 80707 |
| 245 10 - MENCIÓN DEL TÍTULO | |
| Título | Necesidad de incorporar a la sanidad nacional los servicios sanitarios de la zona del Protectorado en Marruecos y de las colonias del África Occidental y normas que deberán regular la citada incorporación / |
| Mención de responsabilidad, etc. | ponentes, Federico Mestre Peón, Pedro Zarco Bohorques, Luis Nájera Angulo. |
| 260 ## - PUBLICACIÓN, DISTRIBUCIÓN, ETC. | |
| Lugar de publicación, distribución, etc. | Madrid : |
| Nombre del editor, distribuidor, etc. | [s.n.], |
| Fecha de publicación, distribución, etc. | 1934 ( |
| Fabricante | Gráf. Literaria Hernani) |
| 300 ## - DESCRIPCIÓN FÍSICA | |
| Extensión | 22 p., [6] h. de mapas ; |
| Dimensiones | 24 cm. |
| 594 ## - Nota al título y mención de responsabilidad | |
| Nota al título y mención de responsabilidad | Precede al tít.: Primer Congreso Nacional de Sanidad, 6-12 de mayo de 1934. |
| 650 #4 - PUNTO DE ACCESO ADICIONAL DE MATERIA--TÉRMINO DE MATERIA | |
| Término de materia o nombre geográfico como elemento de entrada | Salud pública- |
| Subdivisión geográfica | Marruecos. |
| 9 (RLIN) | 148607 |
| 650 #4 - PUNTO DE ACCESO ADICIONAL DE MATERIA--TÉRMINO DE MATERIA | |
| Término de materia o nombre geográfico como elemento de entrada | Salud pública- |
| Subdivisión geográfica | Guinea Ecuatorial. |
| 9 (RLIN) | 148608 |
| 700 1# - ENTRADA AGREGADA--NOMBRE PERSONAL | |
| Nombre de persona | Zarco Bohorques, Pedro. |
| 9 (RLIN) | 118063 |
| 700 1# - ENTRADA AGREGADA--NOMBRE PERSONAL | |
| Nombre de persona | Nájera Angulo, Luis. |
| 9 (RLIN) | 84870 |
| 711 2# - ENTRADA AGREGADA--NOMBRE DE REUNIÓN | |
| Nombre de congreso/reunión o jurisdicción como elemento de entrada | Congreso Nacional de Sanidad ( |
| Número del congreso/reunión o número de parte o sección | 1º. |
| Fecha del congreso o de la firma del tratado | 1934. |
| Sede del congreso/Lugar de la reunión | Madrid) |
| 9 (RLIN) | 562 |
| 852 ## - LOCALIZACIÓN | |
| Ubicación | ES-MaACL |
| Número de control de estantería | 1797-F-4 |
| 852 ## - LOCALIZACIÓN | |
| Ubicación | ES-MaACL |
| Número de control de estantería | 1809-F-15 |
| Estatus retirado | Estado de pérdida | Estado de daño | No para préstamo | Colección | Biblioteca de origen | Biblioteca actual | Ubicación en estantería | Fecha de adquisición | Fuente de adquisición | Total de préstamos | Signatura topográfica completa | Código de barras | Visto por última vez | Precio de reemplazo | Tipo de ítem Koha |
|---|---|---|---|---|---|---|---|---|---|---|---|---|---|---|---|
| Colección de folletos | Biblioteca del Ateneo de Madrid | Biblioteca del Ateneo de Madrid | Depósito folletos | 06/02/2012 | 1809-F-15 | 1188945 | 23/02/2023 | 23/02/2023 | Folleto | ||||||
| Colección de folletos | Biblioteca del Ateneo de Madrid | Biblioteca del Ateneo de Madrid | Depósito folletos | 17/01/2008 | 1797-F-4 | 1108388 | 23/02/2023 | 23/02/2023 | Folleto |
